Kačestvo poverchnosti pri obrabotke metallov rezaniem /

Enregistré dans:
Détails bibliographiques
Auteurs principaux: Djačenko, P.E (Auteur), Jakobson, M.O (Auteur)
Format: Livre
Langue:russe
Publié: Moskva : Mašgiz, 1951
Sujets:
Tags: Ajouter un tag
Pas de tags, Soyez le premier à ajouter un tag!

MARC

LEADER 00000nam a22000003a 4500
001 stu35560
005 20150617225730.8
008 920427s1951----xxr-----------------rus-d
040 |a STU  |b slo 
041 0 |a rus 
044 |a xxr 
080 |a 621.9.015 
100 1 |a Djačenko, P.E  |4 aut 
245 1 |a Kačestvo poverchnosti pri obrabotke metallov rezaniem /  |c [aut.]P.E. Djačenko, M.O. Jakobson 
260 |a Moskva :  |b Mašgiz,  |c 1951 
300 |a 207 s 
650 7 |a Obrobiteľnosť  |2 stusub 
650 7 |a rezanie  |2 stusub 
700 1 |a Jakobson, M.O  |4 aut 
996 |b 284M020195  |c M*3496-1  |l MMKN  |s A  |a 24  |w stu35560_0001